| 000 | 00671nam a22002417 4500 | ||
|---|---|---|---|
| 001 | 32348 | ||
| 003 | BD-RjUL | ||
| 005 | 20211209051824.0 | ||
| 008 | 140426s1950 ii 000 0 eng d | ||
| 035 | _a(BD-RjUL)32437 | ||
| 040 |
_aDLC _cDLC _dDLC _dBD-RjUL _beng |
||
| 041 | _aeng | ||
| 082 | 0 | 0 |
_bSEI 1950 _a320.557 _223 |
| 100 | 1 |
_aSen, Ajit Kumar. _998421 |
|
| 245 | 1 | 4 |
_aThe Islamic state and other political essays / _cby Ajit Kumar Sen, |
| 260 |
_aCalcutta : _bT. Spink, _c1950. |
||
| 300 |
_a141 p. ; _c21cm. |
||
| 650 |
_aIslam and state. _9230122 |
||
| 650 |
_aIslam and politics. _9230123 |
||
| 942 |
_2ddc _cBK |
||
| 999 |
_c32348 _d32348 |
||